|
|
|
|
| LEADER |
00827cam a2200229 7i4500 |
| 001 |
0000075873 |
| 005 |
20240311090000.0 |
| 020 |
|
|
|a 9781789663143 (electronic book)
|
| 090 |
0 |
0 |
|a KD2572
|b .L69 2020
|
| 100 |
1 |
|
|a Lowe, David
|
| 245 |
1 |
0 |
|a Lowe's transport manager's and operator's handbook 2020
|c David Lowe and Clive Pidgeon.
|
| 264 |
|
|
|b Kogan Page,
|c 2020.
|
| 300 |
|
|
|a 1 online resource (xx, 789 pages):
|b text file, PDF.
|
| 336 |
|
|
|a text
|2 rdacontent
|
| 337 |
|
|
|a computer
|2 rdamedia
|
| 338 |
|
|
|a online resource
|2 rdacarrier
|
| 650 |
|
0 |
|a Trucking --
|x Law and legislation --
|z Great Britain
|
| 650 |
|
0 |
|a Trucking --
|x Law and legislation
|
| 655 |
|
0 |
|a Electronic books
|
| 700 |
1 |
|
|a Pidgeon, Clive
|
| 856 |
4 |
2 |
|u http://library.unisel.edu.my/web/guest/mylibrary
|
| 999 |
|
|
|a EBO0019068
|b EBOOK
|c EBOOK
|e Electronic resources
|